Statistics for Every City in Czech Republic on a Map

Click here to take the quiz!

General Stats

  • This quiz has been taken 371 times
  • The average score is 114 of 764

Answers on the Map

Answers color-coded by a green-red scale on the quiz's map according to % correct below.
 

Answer Stats

RegionCityPopulation% Correct
Capital CityPrague1,324,277
92%
South MoravianBrno381,346
82%
Moravian-SilesianOstrava287,968
74%
OlomoucOlomouc100,663
68%
PlzeňPilsen174,842
64%
LiberecLiberec104,802
62%
Ústí nad LabemÚstí nad Labem92,716
62%
PardubiceÚstí nad Orlicí14,280
62%
Moravian-SilesianHradec nad Moravicí5,506
60%
Karlovy VaryKarlovy Vary48,479
60%
PardubicePardubice91,727
59%
Karlovy Vary13,182
56%
South BohemianČeské Budějovice94,463
56%
Karlovy VaryCheb31,977
55%
Moravian-SilesianOpava56,450
54%
Central BohemianKladno69,337
53%
VysočinaJihlava51,216
52%
PlzeňHrádek2,850
51%
LiberecHrádek nad Nisou7,735
51%
Ústí nad LabemMost66,034
51%
ZlínZlín74,935
51%
PardubiceJablonné nad Orlicí3,149
45%
LiberecJablonné v Podještědí3,667
45%
Central BohemianMladá Boleslav44,740
45%
Ústí nad LabemChomutov48,635
44%
Karlovy VaryMariánské Lázně12,795
44%
South MoravianZnojmo33,765
44%
South BohemianTábor34,277
43%
Ústí nad LabemDěčín48,594
42%
Central BohemianKolín31,973
42%
Karlovy VarySokolov23,033
42%
Karlovy VaryFrantiškovy Lázně5,461
41%
Moravian-SilesianFrýdek-Místek55,557
41%
Hradec KrálovéHradec Králové92,939
41%
Central BohemianKutná Hora20,653
41%
Hradec KrálovéTrutnov30,234
41%
OlomoucHranice (na Moravě)17,999
40%
Karlovy VaryHranice (u Aše)2,147
40%
Central BohemianMělník19,559
40%
Ústí nad LabemTeplice49,731
40%
Hradec KrálovéTeplice nad Metují1,616
40%
South BohemianČeský Krumlov12,981
39%
Moravian-SilesianČeský Těšín24,297
39%
Moravian-SilesianHavířov71,200
39%
South MoravianHodonín24,512
39%
Hradec KrálovéJičín16,717
39%
PlzeňKlatovy22,257
39%
Moravian-SilesianBohumín20,518
38%
Central BohemianBrandýs nad Labem-Stará Boleslav19,255
38%
LiberecFrýdlant7,476
38%
Moravian-SilesianFrýdlant nad Ostravicí9,922
38%
Moravian-SilesianKarviná52,128
38%
Ústí nad LabemLitoměřice23,849
38%
Ústí nad LabemLitvínov23,661
38%
Central BohemianNymburk15,154
38%
South BohemianPísek30,415
38%
Central BohemianPříbram32,503
38%
LiberecTurnov14,420
38%
ZlínVsetín25,974
38%
Central BohemianBenešov16,758
37%
Ústí nad LabemBenešov nad Ploučnicí3,682
37%
PlzeňDomažlice11,094
37%
Hradec KrálovéNáchod19,897
37%
South MoravianVyškov20,807
37%
LiberecJablonec nad Jizerou1,633
36%
LiberecJablonec nad Nisou45,773
36%
Ústí nad LabemLouny18,313
36%
OlomoucŠumperk25,836
36%
PlzeňTachov13,038
36%
Central BohemianBeroun19,641
35%
South MoravianBřeclav24,743
35%
Hradec KrálovéBroumov7,370
35%
OlomoucJeseník11,081
35%
South BohemianJindřichův Hradec21,419
35%
ZlínKroměříž28,620
35%
South MoravianMikulov7,455
35%
South BohemianPrachatice10,840
35%
Central BohemianRakovník15,709
35%
PardubiceChrudim23,168
34%
Hradec KrálovéJaroměř12,378
34%
OlomoucPřerov42,871
34%
PlzeňRokycany14,383
34%
VysočinaTřebíč35,451
34%
Moravian-SilesianTřinec35,002
34%
South BohemianDub397
33%
OlomoucDub nad Moravou1,645
33%
Moravian-SilesianFrenštát pod Radhoštěm10,837
33%
VysočinaHumpolec10,970
33%
Ústí nad LabemJirkov19,241
33%
OlomoucProstějov43,651
33%
Central BohemianSlaný15,864
33%
South BohemianStrakonice22,646
33%
Ústí nad LabemŽatec19,047
33%
South MoravianBlansko20,484
32%
PardubiceBrandýs nad Orlicí1,316
32%
Moravian-SilesianBruntál16,138
32%
Karlovy VaryChodov13,300
32%
VysočinaHavlíčkův Brod23,442
32%
Central BohemianMilovice12,098
32%
South MoravianAdamov4,507
31%
Central BohemianČáslav10,322
31%
LiberecČeská Lípa37,525
31%
Moravian-SilesianKopřivnice21,851
31%
Moravian-SilesianKrnov23,257
31%
Ústí nad LabemRumburk11,036
31%
PlzeňSušice11,032
31%
South BohemianVimperk7,440
31%
Moravian-SilesianJablunkov5,474
30%
Central BohemianNeratovice16,191
30%
Hradec KrálovéNová Paka9,072
30%
Karlovy VaryOstrov16,658
30%
VysočinaOstrov nad Oslavou962
30%
South MoravianOstrov u Macochy1,137
30%
Moravian-SilesianPříbor8,476
30%
PlzeňStříbro7,738
30%
Moravian-SilesianHlučín13,931
29%
Central BohemianPoděbrady14,377
29%
VysočinaTelč5,273
29%
ZlínUherské Hradiště25,247
29%
Ústí nad LabemBílina17,200
28%
LiberecJilemnice5,401
28%
Central BohemianKralupy nad Vltavou18,388
28%
Karlovy VaryKraslice6,767
28%
Moravian-SilesianKravaře6,717
28%
OlomoucLitovel9,738
28%
Karlovy VaryNejdek7,806
28%
Hradec KrálovéNové Město nad Metují9,398
28%
VysočinaNové Město na Moravě10,049
28%
LiberecNové Město pod Smrkem3,716
28%
PardubicePolička8,813
28%
Moravian-SilesianRýmařov8,181
28%
South BohemianTýn nad Vltavou7,960
28%
South BohemianDačice7,288
27%
Hradec KrálovéDvůr Králové nad Labem15,550
27%
Central BohemianMnichovo Hradiště8,846
27%
PlzeňPlaná5,396
27%
South BohemianPlaná nad Lužnicí4,328
27%
South BohemianBlatná6,573
26%
PlzeňBor4,486
26%
Central BohemianČeský Brod7,049
26%
Ústí nad LabemDuchcov8,564
26%
South MoravianIvančice9,760
26%
PardubiceLitomyšl10,378
26%
Ústí nad LabemLovosice8,840
26%
Central BohemianMníšek pod Brdy5,933
26%
Moravian-SilesianNový Jičín23,260
26%
PlzeňNýřany6,996
26%
VysočinaPelhřimov16,048
26%
Central BohemianŘíčany15,908
26%
PlzeňStarý Plzenec5,151
26%
Ústí nad LabemŠtětí8,695
26%
PlzeňStráž1,204
26%
South BohemianStráž nad Nežárkou875
26%
LiberecStráž pod Ralskem3,992
26%
South BohemianTřeboň8,217
26%
Ústí nad LabemVarnsdorf15,193
26%
PardubiceŽamberk6,077
26%
VysočinaŽďár nad Sázavou20,717
26%
Central BohemianZruč nad Sázavou4,861
26%
VysočinaMoravské Budějovice7,300
25%
PlzeňNepomuk3,735
25%
Moravian-SilesianOrlová28,735
25%
OlomoucŠternberk13,440
25%
Ústí nad LabemTerezín2,899
25%
ZlínValašské Meziříčí22,306
25%
Central BohemianČelákovice12,273
24%
PardubiceČeská Třebová15,384
24%
Ústí nad LabemDubí7,876
24%
PlzeňHoražďovice5,240
24%
Ústí nad LabemKadaň18,246
24%
PlzeňKralovice3,478
24%
South MoravianKyjov11,185
24%
PardubiceLanškroun9,906
24%
Ústí nad LabemLom3,695
24%
South MoravianLomnice1,457
24%
South BohemianLomnice1,782
24%
LiberecLomnice nad Popelkou5,554
24%
PardubiceMoravská Třebová9,948
24%
Ústí nad LabemPodbořany6,386
24%
PlzeňPřeštice7,131
24%
Central BohemianSedlčany7,029
24%
LiberecSemily8,353
24%
South BohemianVeselí nad Lužnicí6,361
24%
South MoravianVeselí nad Moravou10,889
24%
Central BohemianBystřice4,483
23%
VysočinaBystřice nad Pernštejnem8,004
23%
ZlínBystřice pod Hostýnem8,144
23%
South MoravianKuřim10,993
23%
Central BohemianRoztoky8,645
23%
Hradec KrálovéRychnov nad Kněžnou10,999
23%
LiberecRychnov u Jablonce nad Nisou2,757
23%
ZlínZubří5,547
23%
South MoravianBzenec4,389
22%
PlzeňDobřany6,145
22%
Moravian-SilesianFulnek5,592
22%
Hradec KrálovéHořice8,533
22%
Central BohemianHořovice6,901
22%
South BohemianKaplice7,282
22%
ZlínNapajedla7,171
22%
LiberecNový Bor11,616
22%
Ústí nad LabemRoudnice nad Labem12,847
22%
Moravian-SilesianStudénka9,477
22%
LiberecTanvald6,216
22%
Karlovy VaryToužim3,669
22%
Hradec KrálovéÚpice5,639
22%
Central BohemianVlašim11,550
22%
South BohemianVodňany7,028
22%
PlzeňBlovice4,128
21%
Central BohemianDobříš8,960
21%
Moravian-SilesianJanov284
21%
Karlovy VaryLoket3,075
21%
ZlínLuhačovice5,059
21%
Central BohemianLysá nad Labem9,795
21%
PlzeňNýrsko4,929
21%
Hradec KrálovéPec pod Sněžkou648
21%
Ústí nad LabemŠluknov5,653
21%
PlzeňTřemošná5,082
21%
Hradec KrálovéVrchlabí12,340
21%
LiberecVysoké nad Jizerou1,298
21%
South MoravianBoskovice11,681
20%
Central BohemianČernošice7,331
20%
South BohemianChlum u Třeboně1,951
20%
LiberecHarrachov1,396
20%
PlzeňHolýšov5,173
20%
ZlínHulín6,762
20%
PlzeňMýto1,544
20%
Moravian-SilesianOdry7,285
20%
Moravian-SilesianPetřvald7,237
20%
PlzeňPlasy2,716
20%
South BohemianSoběslav6,907
20%
PlzeňStod3,617
20%
PardubiceSvitavy16,758
20%
ZlínUherský Brod16,441
20%
Karlovy VaryAbertamy939
19%
PlzeňBělá nad Radbuzou1,751
19%
Central BohemianBělá pod Bezdězem4,792
19%
Central BohemianBřeznice3,520
19%
VysočinaChotěboř9,178
19%
Karlovy VaryChyše591
19%
PardubiceHlinsko9,642
19%
South BohemianHluboká nad Vltavou5,419
19%
PlzeňHorní Bříza4,180
19%
South MoravianHrušovany nad Jevišovkou3,339
19%
PardubiceJevíčko2,801
19%
Ústí nad LabemJílové5,162
19%
Central BohemianJílové u Prahy4,857
19%
PlzeňKaznějov3,049
19%
Ústí nad LabemKlášterec nad Ohří14,526
19%
PlzeňKožlany1,439
19%
Karlovy VaryLuby2,144
19%
PlzeňManětín1,151
19%
South MoravianSlavkov u Brna6,916
19%
South MoravianStrážnice5,537
19%
Karlovy VaryTeplá2,954
19%
Central BohemianTýnec nad Labem2,077
19%
Central BohemianTýnec nad Sázavou5,739
19%
South BohemianVolary3,787
19%
Central BohemianZdice4,201
19%
PlzeňŽelezná Ruda1,643
19%
PlzeňBezdružice938
18%
LiberecDubá1,721
18%
ZlínHolešov11,579
18%
Karlovy VaryHroznětín2,031
18%
PardubiceLázně Bohdaneč3,543
18%
ZlínOtrokovice17,879
18%
PardubicePřelouč9,880
18%
South MoravianTišnov9,258
18%
ZlínVizovice4,857
18%
OlomoucZábřeh13,456
18%
Karlovy VaryBečov nad Teplou942
17%
South MoravianHustopeče5,975
17%
OlomoucHustopeče nad Bečvou1,759
17%
OlomoucJavorník2,755
17%
PlzeňKasejovice1,288
17%
Ústí nad LabemKryry2,330
17%
Karlovy VaryLázně Kynžvart1,439
17%
OlomoucLipník nad Bečvou7,982
17%
PlzeňMěsto Touškov2,172
17%
OlomoucMohelnice9,234
17%
Karlovy VaryNová Role4,132
17%
Karlovy VaryPlesná1,940
17%
PlzeňRadnice1,822
17%
ZlínRožnov pod Radhoštěm16,398
17%
Moravian-SilesianRychvald7,536
17%
PlzeňSpálené Poříčí2,856
17%
Hradec KrálovéŠpindlerův Mlýn1,098
17%
Central BohemianStochov5,392
17%
OlomoucUničov11,335
17%
Central BohemianÚvaly6,884
17%
Central BohemianBenátky nad Jizerou7,459
16%
Ústí nad LabemBlšany1,023
16%
PardubiceChoceň8,648
16%
PlzeňHoršovský Týn5,034
16%
Central BohemianKarlštejn861
16%
Central BohemianKostelec nad Černými lesy3,780
16%
Central BohemianKostelec nad Labem4,224
16%
Hradec KrálovéKostelec nad Orlicí6,145
16%
OlomoucKostelec na Hané2,900
16%
South MoravianMoravský Krumlov5,715
16%
Hradec KrálovéNový Bydžov6,935
16%
South BohemianSezimovo Ústí7,221
16%
Karlovy VarySkalná1,988
16%
South MoravianŠlapanice7,599
16%
OlomoucStaré Město1,712
16%
ZlínStaré Město6,661
16%
South MoravianValtice3,575
16%
VysočinaVelké Meziříčí11,498
16%
OlomoucZlaté Hory3,748
16%
Karlovy VaryŽlutice2,293
16%
PlzeňChodová Planá1,880
15%
PardubiceChrast3,131
15%
Karlovy VaryHabartov4,876
15%
Central BohemianHostivice8,788
15%
Karlovy VaryJáchymov2,470
15%
PlzeňKašperské Hory1,427
15%
PlzeňKdyně5,183
15%
PlzeňKladruby1,640
15%
Central BohemianKouřim1,903
15%
Central BohemianKrálův Dvůr9,690
15%
South MoravianLanžhot3,698
15%
South BohemianVolyně3,014
15%
Hradec KrálovéChlumec nad Cidlinou5,501
14%
South BohemianHusinec1,452
14%
PlzeňJanovice nad Úhlavou2,302
14%
PardubiceKrálíky4,205
14%
Ústí nad LabemKrupka12,633
14%
Karlovy VaryKynšperk nad Ohří4,799
14%
South MoravianÚjezd u Brna3,387
14%
ZlínValašské Klobouky4,946
14%
PlzeňŽinkovy859
14%
South BohemianBechyně5,016
13%
Moravian-SilesianBílovec7,394
13%
Karlovy VaryBoží Dar250
13%
Karlovy VaryBřezová2,699
13%
PardubiceBřezová nad Svitavou1,644
13%
Ústí nad LabemČeská Kamenice5,235
13%
LiberecChrastava6,298
13%
Hradec KrálovéHronov6,098
13%
OlomoucKojetín6,078
13%
PardubiceLetohrad6,406
13%
South MoravianLetovice6,745
13%
LiberecMimoň6,443
13%
VysočinaNáměšť nad Oslavou4,861
13%
OlomoucNáměšť na Hané2,107
13%
Karlovy VaryOloví1,657
13%
Hradec KrálovéPolice nad Metují4,049
13%
South BohemianProtivín4,808
13%
LiberecRokytnice nad Jizerou2,650
13%
Hradec KrálovéRokytnice v Orlických horách2,022
13%
South MoravianRosice6,291
13%
Central BohemianSázava3,734
13%
Central BohemianSedlec-Prčice2,866
13%
Moravian-SilesianŠenov6,393
13%
South BohemianSuchdol nad Lužnicí3,530
13%
Moravian-SilesianSuchdol nad Odrou2,701
13%
PlzeňÚterý464
13%
Moravian-SilesianVítkov5,670
13%
Moravian-SilesianVratimov7,293
13%
Moravian-SilesianVrbno pod Pradědem4,995
13%
PardubiceVysoké Mýto12,288
13%
South MoravianŽidlochovice3,834
13%
South MoravianBučovice6,493
12%
Hradec KrálovéČervený Kostelec8,360
12%
Ústí nad LabemJiříkov3,638
12%
VysočinaKamenice nad Lipou3,760
12%
PlzeňPoběžovice1,581
12%
South MoravianRájec-Jestřebí3,749
12%
Central BohemianRožmitál pod Třemšínem4,372
12%
Central BohemianRudná5,153
12%
ZlínSlušovice2,968
12%
Hradec KrálovéTřebechovice pod Orebem5,771
12%
VysočinaTřešť5,714
12%
South BohemianTrhové Sviny5,207
12%
Hradec KrálovéČeská Skalice5,047
11%
Hradec KrálovéDobruška6,723
11%
LiberecDoksy5,186
11%
PardubiceHolice6,581
11%
Karlovy VaryHorní Slavkov5,403
11%
VysočinaJaroměřice nad Rokytnou4,136
11%
Moravian-SilesianMěsto Albrechtice3,499
11%
Hradec KrálovéOpočno3,107
11%
PlzeňPlánice1,663
11%
VysočinaPřibyslav3,991
11%
PlzeňPřimda1,608
11%
VysočinaBudišov1,215
10%
Moravian-SilesianBudišov nad Budišovkou2,918
10%
Central BohemianBuštěhrad3,498
10%
South MoravianDubňany6,352
10%
OlomoucHanušovice3,104
10%
PlzeňHartmanice959
10%
Ústí nad LabemHrob2,011
10%
VysočinaJemnice4,014
10%
LiberecKamenický Šenov3,915
10%
Central BohemianKřivoklát673
10%
ZlínKunovice5,579
10%
VysočinaLedeč nad Sázavou5,043
10%
South BohemianMilevsko8,280
10%
PlzeňMirošov2,274
10%
South MoravianModřice5,329
10%
Karlovy VaryNové Sedlo2,604
10%
Central BohemianOdolena Voda6,136
10%
Ústí nad LabemOsek4,728
10%
VysočinaPacov4,717
10%
Central BohemianPečky4,814
10%
South MoravianPohořelice5,133
10%
Ústí nad LabemPostoloprty4,727
10%
Karlovy VaryRotava3,006
10%
PardubiceSkuteč5,047
10%
South BohemianSlavonice2,367
10%
PlzeňStaňkov3,319
10%
Moravian-SilesianŠtramberk3,464
10%
VysočinaSvětlá nad Sázavou6,490
10%
Hradec KrálovéVamberk4,567
10%
VysočinaVelká Bíteš5,243
10%
South MoravianVranov nad Dyjí816
10%
LiberecŽelezný Brod6,051
10%
VysočinaGolčův Jeníkov2,680
9%
ZlínKelč2,706
9%
South MoravianKlobouky u Brna2,501
9%
Ústí nad LabemKrásná Lípa3,471
9%
Central BohemianNové Strašecí5,572
9%
VysočinaPočátky2,531
9%
South MoravianRousínov5,694
9%
ZlínSlavičín6,386
9%
PlzeňŠvihov1,661
9%
Central BohemianUnhošť4,824
9%
Ústí nad LabemVejprty2,866
9%
Central BohemianVotice4,569
9%
South BohemianVyšší Brod2,617
9%
Karlovy VaryBochov1,983
8%
South BohemianBorovany4,165
8%
ZlínBuchlovice2,421
8%
South MoravianČerná Hora2,184
8%
South BohemianČeské Velenice3,575
8%
ZlínChropyně4,853
8%
South BohemianDeštná741
8%
Moravian-SilesianDolní Benešov4,038
8%
ZlínFryšták3,684
8%
ZlínHluk4,372
8%
ZlínKarolinka2,529
8%
Moravian-SilesianKlimkovice4,495
8%
OlomoucKonice2,784
8%
ZlínKoryčany2,751
8%
Ústí nad LabemLibochovice3,506
8%
Hradec KrálovéMeziměstí2,387
8%
South BohemianMirotice1,248
8%
South BohemianMirovice1,622
8%
OlomoucMoravský Beroun2,934
8%
South BohemianNové Hrady2,531
8%
VysočinaOpatov755
8%
South MoravianOslavany4,684
8%
South MoravianRajhrad3,928
8%
LiberecRaspenava2,819
8%
PlzeňRejštejn247
8%
PardubiceSlatiňany4,217
8%
OlomoucTovačov2,468
8%
ZlínUherský Ostroh4,217
8%
South MoravianVelké Pavlovice3,140
8%
Central BohemianVelvary3,080
8%
South MoravianVracov4,570
8%
Ústí nad LabemVroutek1,827
8%
Hradec KrálovéŽacléř3,136
8%
PlzeňZbiroh2,508
8%
VysočinaŽdírec nad Doubravou3,112
8%
Central BohemianŽebrák2,186
8%
OlomoucŽulová1,223
8%
Central BohemianBakov nad Jizerou5,175
7%
ZlínBrumov-Bylnice5,528
7%
PlzeňČernošín1,169
7%
LiberecČeský Dub2,821
7%
LiberecCvikov4,509
7%
South BohemianFrymburk1,304
7%
LiberecHejnice2,736
7%
PardubiceHeřmanův Městec4,856
7%
Moravian-SilesianHorní Benešov2,249
7%
Karlovy VaryHorní Blatná395
7%
Karlovy VaryKrásno715
7%
South MoravianKunštát2,808
7%
PlzeňMěčín1,147
7%
South MoravianMiroslav2,990
7%
VysočinaPolná5,150
7%
Hradec KrálovéTýniště nad Orlicí6,055
7%
OlomoucVelká Bystřice3,493
7%
OlomoucVidnava1,266
7%
Ústí nad LabemBohušovice nad Ohří2,511
6%
Moravian-SilesianBřidličná3,111
6%
Moravian-SilesianBrušperk4,101
6%
Ústí nad LabemChabařovice2,540
6%
PlzeňDešenice706
6%
LiberecDesná3,084
6%
Central BohemianDobřichovice3,722
6%
South BohemianHorní Planá2,080
6%
Ústí nad LabemHostomice1,254
6%
Central BohemianHostomice1,832
6%
PlzeňHostouň1,318
6%
South MoravianIvanovice na Hané2,923
6%
South BohemianKardašova Řečice2,206
6%
Central BohemianKlecany3,608
6%
Central BohemianKosmonosy5,233
6%
Hradec KrálovéLázně Bělohrad3,658
6%
Central BohemianLibčice nad Vltavou3,458
6%
South BohemianLišov4,426
6%
OlomoucLoštice2,970
6%
Ústí nad LabemLoučná pod Klínovcem121
6%
Ústí nad LabemMikulášovice2,182
6%
Central BohemianMnichovice3,902
6%
South MoravianMoravská Nová Ves2,615
6%
Central BohemianMšeno1,458
6%
South BohemianNetolice2,579
6%
South BohemianNová Bystřice3,299
6%
South MoravianOlbramovice1,149
6%
South MoravianPodivín3,019
6%
Karlovy VaryPřebuz73
6%
Hradec KrálovéRtyně v Podkrkonoší2,979
6%
South BohemianSedlice1,252
6%
PardubiceSezemice3,988
6%
Hradec KrálovéSmiřice2,913
6%
LiberecSmržovka3,756
6%
Ústí nad LabemTrmice3,364
6%
Ústí nad LabemÚštěk2,928
6%
South MoravianVelké Bílovice3,889
6%
South BohemianZliv3,562
6%
South BohemianBavorov1,600
5%
ZlínBojkovice4,382
5%
Hradec KrálovéČastolovice1,667
5%
Ústí nad LabemHorní Jiřetín2,245
5%
Hradec KrálovéHostinné4,369
5%
South MoravianJedovnice2,810
5%
PlzeňKlenčí pod Čerchovem1,350
5%
Central BohemianKomárov2,430
5%
PardubiceLuže2,594
5%
OlomoucNěmčice nad Hanou1,974
5%
Central BohemianNeveklov2,661
5%
OlomoucPlumlov2,311
5%
South BohemianRudolfov2,536
5%
Central BohemianSmečno1,964
5%
OlomoucŠtíty2,022
5%
Hradec KrálovéSvoboda nad Úpou2,081
5%
PardubiceTřemošnice3,059
5%
South MoravianZbýšov3,775
5%
LiberecHodkovice nad Mohelkou2,960
4%
Hradec KrálovéJanské Lázně690
4%
Central BohemianJince2,255
4%
South MoravianKřtiny832
4%
Ústí nad LabemMeziboří4,843
4%
Hradec KrálovéMiletín923
4%
OlomoucNezamyslice1,475
4%
ZlínNový Hrozenkov2,612
4%
VysočinaOkříšky2,046
4%
South MoravianOlešnice1,657
4%
Ústí nad LabemPanenský Týnec447
4%
Central BohemianPyšely2,021
4%
LiberecRalsko2,137
4%
LiberecRovensko pod Troskami1,285
4%
South BohemianRožmberk nad Vltavou373
4%
Central BohemianSadská3,204
4%
South MoravianSloup972
4%
Hradec KrálovéSobotka2,382
4%
South BohemianVelešín3,902
4%
Ústí nad LabemVelký Šenov1,979
4%
Central BohemianVeltrusy2,208
4%
LiberecZákupy2,851
4%
LiberecŽandov1,912
4%
South MoravianŽdánice2,502
4%
Hradec KrálovéBorohrádek2,094
3%
OlomoucBrodek u Prostějova1,526
3%
Ústí nad LabemBrozany nad Ohří1,365
3%
VysočinaBrtnice3,766
3%
Ústí nad LabemBudyně nad Ohří2,165
3%
PardubiceChvaletice2,962
3%
PardubiceDašice2,367
3%
Central BohemianDobrovice3,421
3%
Central BohemianDolní Bousov2,788
3%
South MoravianDolní Kounice2,468
3%
Ústí nad LabemDolní Poustevna1,738
3%
VysočinaHorní Cerekev1,837
3%
Ústí nad LabemHoštka1,751
3%
VysočinaJimramov1,147
3%
PlzeňKolinec1,464
3%
Hradec KrálovéKopidlno2,112
3%
Ústí nad LabemKošťany3,210
3%
OlomoucKralice na Hané1,706
3%
VysočinaKřižanov1,864
3%
VysočinaKrucemburk1,598
3%
Ústí nad LabemLedvice544
3%
Central BohemianLibušín3,394
3%
Central BohemianLoučeň1,368
3%
South MoravianLysice1,900
3%
Central BohemianMěstec Králové2,846
3%
ZlínMorkovice-Slížany2,942
3%
Hradec KrálovéNechanice2,348
3%
Central BohemianNehvizdy3,575
3%
South MoravianNosislav1,364
3%
South BohemianNová Včelnice2,277
3%
South MoravianOstrovačice706
3%
Hradec KrálovéPodhradí456
3%
OlomoucPotštát1,189
3%
Central BohemianŘevnice3,570
3%
South MoravianŠatov1,121
3%
PardubiceSeč1,737
3%
Central BohemianSenomaty1,255
3%
Hradec KrálovéSolnice2,239
3%
Ústí nad LabemTřebenice1,984
3%
Central BohemianUhlířské Janovice3,118
3%
LiberecVelké Hamry2,682
3%
South MoravianVelké Opatovice3,643
3%
VysočinaVilémov1,006
3%
South BohemianVlachovo Březí1,716
3%
Central BohemianVšetaty2,319
3%
Ústí nad LabemVýsluní393
3%
Hradec KrálovéŽeleznice1,321
3%
VysočinaŽirovnice2,944
3%
Central BohemianZlonice2,263
3%
PardubiceBystré1,515
2%
VysočinaČernovice1,752
2%
Ústí nad LabemChřibská1,357
2%
PlzeňChudenice771
2%
VysočinaDalešice584
2%
South MoravianDoubravice nad Svitavou1,402
2%
Hradec KrálovéDoudleby nad Orlicí1,789
2%
South MoravianDrnholec1,819
2%
VysočinaHabry1,333
2%
VysočinaHrotovice1,768
2%
South MoravianJevišovice1,176
2%
Central BohemianKácov803
2%
South BohemianKatovice1,351
2%
Central BohemianKněževes1,051
2%
Central BohemianLázně Toušeň1,398
2%
Moravian-SilesianLitultovice910
2%
LiberecLučany nad Nisou1,889
2%
VysočinaLuka nad Jihlavou2,971
2%
Ústí nad LabemMašťov576
2%
South BohemianMladá Vožice2,705
2%
Hradec KrálovéMladé Buky2,308
2%
VysočinaMohelno1,342
2%
South MoravianNedvědice1,335
2%
Central BohemianNový Knín2,065
2%
South MoravianOlbramkostel525
2%
LiberecOsečná1,135
2%
Hradec KrálovéPecka1,285
2%
South MoravianPozořice2,339
2%
South BohemianRadomyšl1,348
2%
PardubiceRonov nad Doubravou1,697
2%
Central BohemianŠkvorec1,909
2%
Central BohemianSlabce730
2%
VysočinaStará Říše621
2%
VysočinaStařeč1,661
2%
Central BohemianŠtěchovice2,042
2%
VysočinaSvratka1,407
2%
PardubiceTrhová Kamenice938
2%
OlomoucÚsov1,166
2%
South MoravianVelké Němčice1,772
2%
Ústí nad LabemVerneřice1,166
2%
VysočinaVladislav1,152
2%
VysočinaVojnův Městec773
2%
Hradec KrálovéVysoké Veselí862
2%
South MoravianBlížkovice1,153
1%
VysočinaBohdalov1,150
1%
PardubiceBojanov640
1%
South MoravianBoleradice912
1%
South BohemianBorotín718
1%
South MoravianBrankovice891
1%
PlzeňČachrov506
1%
Central BohemianČechtice1,393
1%
Central BohemianCerhenice1,749
1%
Central BohemianCerhovice1,154
1%
Central BohemianČervené Pečky1,829
1%
VysočinaČeská Bělá1,070
1%
Central BohemianČeský Šternberk166
1%
South BohemianČestice902
1%
PardubiceCholtice1,171
1%
PardubiceChroustovice1,254
1%
South BohemianChýnov2,490
1%
Ústí nad LabemCítoliby1,099
1%
South MoravianDeblín1,063
1%
Central BohemianDivišov1,758
1%
VysočinaDolní Cerekev1,277
1%
South MoravianDoubravník837
1%
OlomoucDrahany516
1%
VysočinaHeraltice364
1%
LiberecHolany524
1%
PardubiceHorní Jelení2,068
1%
South MoravianHvězdlice566
1%
Central BohemianKounice1,474
1%
Central BohemianKřinec1,269
1%
Central BohemianKřivsoudov434
1%
South BohemianLedenice2,476
1%
Ústí nad LabemLevín134
1%
South BohemianLhenice2,119
1%
Hradec KrálovéLibáň1,867
1%
Central BohemianLiběchov1,067
1%
VysočinaLibice nad Doubravou870
1%
Central BohemianLiteň1,197
1%
ZlínLitenčice463
1%
Central BohemianMalešov1,029
1%
South MoravianMedlov872
1%
VysočinaMěřín1,981
1%
VysočinaMrákotín887
1%
Central BohemianMšec908
1%
Ústí nad LabemNepomyšl401
1%
VysočinaNové Veselí1,333
1%
Hradec KrálovéNový Hrádek851
1%
ZlínOsvětimany882
1%
Central BohemianPavlíkov1,050
1%
Ústí nad LabemPeruc2,314
1%
Hradec KrálovéPilníkov1,257
1%
Central BohemianPlaňany1,926
1%
ZlínPolešovice1,994
1%
South MoravianProsiměřice866
1%
OlomoucProtivanov1,028
1%
Ústí nad LabemRočov554
1%
Ústí nad LabemSlavětín585
1%
VysočinaSněžné720
1%
Central BohemianSovínky299
1%
Moravian-SilesianSpálov895
1%
Hradec KrálovéStárkov657
1%
South BohemianŠtěkeň824
1%
South MoravianŠtítary611
1%
VysočinaŠtoky1,968
1%
PlzeňStrážov1,420
1%
South MoravianSvitávka1,818
1%
PardubiceSvojanov368
1%
OlomoucTištín484
1%
Central BohemianTrhový Štěpánov1,401
1%
South MoravianTroskotovice681
1%
Hradec KrálovéVelké Poříčí2,354
1%
OlomoucVelký Újezd1,353
1%
South MoravianVémyslice693
1%
South MoravianVišňové1,075
1%
Central BohemianVraný765
1%
Central BohemianVrchotovy Janovice1,024
1%
Central BohemianZápy876
1%
LiberecZásada905
1%
Central BohemianZásmuky1,994
1%
PardubiceŽumberk269
1%
South BohemianBesednice816
0%
Central BohemianBílé Podolí613
0%
VysočinaBobrová892
0%
VysočinaBožejov629
0%
VysočinaČervená Řečice1,006
0%
Central BohemianChotětov1,272
0%
South BohemianDolní Bukovsko1,744
0%
VysočinaHavlíčkova Borová972
0%
South MoravianKnínice (Knínice u Boskovic)916
0%
South BohemianKřemže2,896
0%
Central BohemianLouňovice pod Blaníkem658
0%
VysočinaLukavec994
0%
Hradec KrálovéMachov1,092
0%
Central BohemianMaršovice754
0%
Hradec KrálovéMlázovice541
0%
Central BohemianNetvořice1,157
0%
Central BohemianNeustupov536
0%
VysočinaNová Cerekev1,120
0%
Central BohemianRataje nad Sázavou513
0%
South BohemianSepekov1,343
0%
VysočinaStonařov1,098
0%
VysočinaStrážek842
0%
South BohemianStrmilov1,440
0%
South BohemianStrunkovice nad Blanicí1,263
0%
VysočinaUhelná Příbram498
0%
VysočinaÚsobí673
0%
PardubiceVčelákov547
0%
Central BohemianZdislavice533
0%
Central BohemianŽehušice799
0%

Score Distribution

Percentile by Number Answered

Percent of People with Each Score

Your Score History

You have not taken this quiz